000
00203nam a2200085Ia 4500
008
120527s9999 xx 000 0 und d
100
_a
Wilson T. Hugh
245
_a
Drugs, society and behaviour
942
_c
BK
999
_c
27476
_d
27476